000 00600nam a22001937a 4500
999 _c101199
_d101199
005 20230320123335.0
010 _aENG-115386
020 _a9789380574745
_c1595.00
035 _aEN-98918
037 _bDBAD/PUB
082 _a338.9545
245 _aDemocracy and development in India's North-East:
_bchallenges and opportunities /
_cby L.S. Gassah [and] C.J. Thomas
260 _aDelhi
_bBookwell
_c2015
270 _a3/79,Nirankari Colony
_bDelhi
_e110009
300 _axv,414p.
_c24cm(Hb)
700 _aGassah,L.S.
700 _aC.J. Thomas
942 _2ddc
_cEN
_h338.9545
_mDEM